Państwa z papieżami - Statystyki

Ogólne statystyki
  • Ten quiz został rozwiązany 54 razy
  • Średni wynik to 8 z 10
Statystyki odpowiedzi
ilość państwo % Poprawnych
1 Polska
100%
210 Włochy
100%
7 Niemcy
98%
1 Argentyna
95%
16 Francja
95%
1 Stany zjednoczone
95%
2 Hiszpania
86%
11 Grecja
62%
3 izrael
45%
6 Syria
38%
Nie znaleziono quizów pasujących do podanych kryteriów
Rozkład punktacji
Procent ludzi z każdym wynikiem
Percentyl według liczby udzielonych odpowiedzi
Twoja historia wyników
Nie rozwiązałeś tego quizu